Protein malnutrition : (Record no. 7707)
[ view plain ]
| 000 -LEADER | |
|---|---|
| fixed length control field | 00775nam a22002177a 4500 |
| 001 - CONTROL NUMBER | |
| control field | BD-DhSAU 7707 |
| 003 - CONTROL NUMBER IDENTIFIER | |
| control field | BD-DhSAU |
| 005 - DATE AND TIME OF LATEST TRANSACTION | |
| control field | 20150528103842.0 |
| 008 - FIXED-LENGTH DATA ELEMENTS--GENERAL INFORMATION | |
| fixed length control field | 150528b1955 enka||||r|||| 000 0 eng d |
| 040 ## - CATALOGING SOURCE | |
| Original cataloging agency | BD-DhSAU |
| 082 ## - DEWEY DECIMAL CLASSIFICATION NUMBER | |
| Edition number | 22 |
| Classification number | 641.1 |
| Item number | FAO |
| 245 ## - TITLE STATEMENT | |
| Title | Protein malnutrition : |
| Remainder of title | proceedings of a conference in Jamaica (1953) sponsored jointly by the Food and Agriculture Organization of the United Nations, World Health Organization [and] Josiah Macy, Jr. Foundation, New York / |
| Statement of responsibility, etc. | Edited by J. C. Waterlow. |
| 260 ## - PUBLICATION, DISTRIBUTION, ETC. (IMPRINT) | |
| Place of publication, distribution, etc. | England : |
| Name of publisher, distributor, etc. | University Press, |
| Date of publication, distribution, etc. | c1955. |
| 300 ## - PHYSICAL DESCRIPTION | |
| Extent | xvi, 277 p. : |
| Other physical details | ill. ; |
| Dimensions | 25 cm. |
| 590 ## - Name of Cataloguer | |
| Name of Cataloger | joy |
| 650 ## - SUBJECT ADDED ENTRY--TOPICAL TERM | |
| Topical term or geographic name as entry element | Protein deficiency. |
| 650 ## - SUBJECT ADDED ENTRY--TOPICAL TERM | |
| Topical term or geographic name as entry element | Malnutrition. |
| 650 ## - SUBJECT ADDED ENTRY--TOPICAL TERM | |
| Topical term or geographic name as entry element | Extension. |
| 700 ## - ADDED ENTRY--PERSONAL NAME | |
| Personal name | Waterlow, J. C. |
| 942 ## - ADDED ENTRY ELEMENTS (KOHA) | |
| Source of classification or shelving scheme | Dewey Decimal Classification |
| Koha item type | Book |
| Withdrawn status | Lost status | Source of classification or shelving scheme | Damaged status | Not for loan | Collection code | Home library | Branch Name | Shelving location | Date acquired | Total Checkouts | Full call number | Barcode | Date last seen | Price effective from | Koha item type |
|---|---|---|---|---|---|---|---|---|---|---|---|---|---|---|---|
| Dewey Decimal Classification | Not For Loan | Reference | SAU Library | SAU Library | Reference | 28/05/2015 | 641.1 FAO | 3145 | 28/05/2015 | 28/05/2015 | Book |
